header

Communication networks and computer systems (Record no. 7637)

MARC details
000 -LEADER
fixed length control field 01311nam a2200325Ia 4500
001 - CONTROL NUMBER
control field ebr10698563
003 - CONTROL NUMBER IDENTIFIER
control field CaPaEBR
006 - FIXED-LENGTH DATA ELEMENTS--ADDITIONAL MATERIAL CHARACTERISTICS--GENERAL INFORMATION
fixed length control field m o u
007 - PHYSICAL DESCRIPTION FIXED FIELD--GENERAL INFORMATION
fixed length control field cr cn|||||||||
008 - FIXED-LENGTH DATA ELEMENTS--GENERAL INFORMATION
fixed length control field 061005s2006 enka sb 010 0 eng d
020 ## - INTERNATIONAL STANDARD BOOK NUMBER
Cancelled/invalid ISBN 1860946593
Cancelled/invalid ISBN 9781860946592
Cancelled/invalid ISBN 9781860948947
040 ## - CATALOGING SOURCE
Original cataloging agency CaPaEBR
Transcribing agency CaPaEBR
035 ## - SYSTEM CONTROL NUMBER
System control number (OCoLC)330492419
050 14 - LIBRARY OF CONGRESS CALL NUMBER
Classification number TK5105.5
Item number .C5997 2006eb
082 04 - DEWEY DECIMAL CLASSIFICATION NUMBER
Classification number 004.6
Edition number 23
245 00 - TITLE STATEMENT
Title Communication networks and computer systems
Medium [electronic resource] :
Remainder of title a tribute to Professor Erol Gelenbe /
Statement of responsibility, etc editor, Javier A. Barria.
260 ## - PUBLICATION, DISTRIBUTION, ETC. (IMPRINT)
Place of publication, distribution, etc London :
Name of publisher, distributor, etc Imperial College Press ;
Place of publication, distribution, etc Singapore ;
-- Hackensack, NJ :
Name of publisher, distributor, etc Distributed by World Scientific,
Date of publication, distribution, etc c2006.
300 ## - PHYSICAL DESCRIPTION
Extent xiv, 261 p. :
Other physical details ill.
504 ## - BIBLIOGRAPHY, ETC. NOTE
Bibliography, etc Includes bibliographical references.
533 ## - REPRODUCTION NOTE
Type of reproduction Electronic reproduction.
Place of reproduction Palo Alto, Calif. :
Agency responsible for reproduction ebrary,
Date of reproduction 2013.
Note about reproduction Available via World Wide Web.
-- Access may be limited to ebrary affiliated libraries.
650 #0 - SUBJECT ADDED ENTRY--TOPICAL TERM
Topical term or geographic name as entry element Telecommunication systems.
Topical term or geographic name as entry element Computer networks.
655 #7 - INDEX TERM--GENRE/FORM
Genre/form data or focus term Electronic books.
Source of term local
700 1# - ADDED ENTRY--PERSONAL NAME
Personal name Gelenbe, E.,
Dates associated with a name 1945-
Personal name Barria, Javier A.
710 2# - ADDED ENTRY--CORPORATE NAME
Corporate name or jurisdiction name as entry element ebrary, Inc.
856 40 - ELECTRONIC LOCATION AND ACCESS
Uniform Resource Identifier <a href="http://site.ebrary.com/lib/rucke/Doc?id=10698563">http://site.ebrary.com/lib/rucke/Doc?id=10698563</a>
Public note An electronic book accessible through the World Wide Web; click to view

No items available.

© 2026 Rongo University
Contact us: librarian | system librarian | Rongo university